Statistics for Doctor Who

Click here to take the quiz!

General Stats

  • This quiz has been taken 56 times
    (49 since last reset)
  • The average score is 10 of 12

Answer Stats

Hint Answer % Correct
The real name of the eleventh doctorMatt Smith
96%
The real name of the tenth doctorDavid Tennant
93%
The real name of the fourth doctorTom Baker
89%
The real name of the sixth doctorColin Baker
87%
The real name of the first doctorWilliam Hartnell
84%
The real name of the third doctorJon Pertwee
84%
The real name of the fifth doctorPeter Davison
84%
The real name of the eighth doctorPaul McGann
82%
The real name of the ninth doctorChristopher Eccleston
82%
The real name of the second doctorPatrick Troughton
80%
The real name of the seventh doctorSylvester McCoy
80%
Which is the longest lasting doctorThe Seventh doctor
9%

Score Distribution

Percentile by Number Answered

Percent of People with Each Score

Your Score History

You have not taken this quiz since the last reset